00599 2200193 4500245007300000250001100073100001700084700001900101700001600120700001700136700002000153650001600173005001900189260000900208041001400217084000800231500015700239336000900396 aKoleksi Karya Siswa Kelas XI-AKL b : Kafe DutycZahra CahayahText aCet. 1 aZahra Cahaya aFahtya Anggari aSiti Andini aVanya Isaura aKeisya Aprillia aKarya Siswa a20240215134250 c2024 aIndonesia a081 aKoleksi karya siswa ini merupakan koleksi argumentasi karya dari beberapa siswa kelas XI-DKV. Ada beberapa argumentasi, riview film dan beberapa cerpen. atext